Central Library OPAC University of Rajshahi

Government finance : (Record no. 46080)

MARC details
000 -LEADER
fixed length control field 00992nam a2200289 a 4500
001 - CONTROL NUMBER
control field 46080
003 - CONTROL NUMBER IDENTIFIER
rucl marc code BD-RjUL
005 - DATE AND TIME OF LATEST TRANSACTION
control field 20211209054115.0
008 - FIXED-LENGTH DATA ELEMENTS--GENERAL INFORMATION
fixed length control field 160729r19541959ilua b 001 0 eng
035 ## - SYSTEM CONTROL NUMBER
System control number (BD-RjUL) 46198
040 ## - CATALOGING SOURCE
Original cataloging agency DLC
Transcribing agency DLC
Modifying agency BD-RjUL
Language of cataloging eng
041 ## - LANGUAGE CODE
Language code of text/sound track or separate title eng
082 00 - DEWEY DECIMAL CLASSIFICATION NUMBER
Classification number 336.7
Author mark and year DUG 1959
100 1# - MAIN ENTRY--PERSONAL NAME
Personal name Due, John Fitzgerald. John Fitzgerald Due
9 (RLIN) 6419
245 10 - TITLE STATEMENT
Title Government finance :
Remainder of title an economic analysis /
Statement of responsibility, etc. John Fitzgerald Due
250 ## - EDITION STATEMENT
Edition statement rev. ed.
260 ## - PUBLICATION, DISTRIBUTION, ETC. (IMPRINT)
Place of publication, distribution, etc. Homewood ; Ill. :
Name of publisher, distributor, etc. R. D. Irwin,
Date of publication, distribution, etc. c1954 [printing 1959].
300 ## - PHYSICAL DESCRIPTION
Pagination xix, 627 p. :
Illustrations ill. ;
Size 23 cm.
490 0# - SERIES STATEMENT
Series statement The Irwin series in economics
504 ## - BIBLIOGRAPHY, ETC. NOTE
Bibliography, etc Includes index.
650 #0 - SUBJECT ADDED ENTRY--TOPICAL TERM
Topical term or geographic name as entry element Finance, Public.
9 (RLIN) 9208
Topical term or geographic name as entry element Finance, Public
Geographic subdivision United States.
9 (RLIN) 7787
Topical term or geographic name as entry element Finance, Public
Geographic subdivision Canada.
9 (RLIN) 9209
856 ## - ELECTRONIC LOCATION AND ACCESS
Materials specified WorldCat
Uniform Resource Identifier <a href="http://www.worldcat.org/title/government-finance-an-economic-analysis/oclc/722579&referer=brief_results">http://www.worldcat.org/title/government-finance-an-economic-analysis/oclc/722579&referer=brief_results</a>
942 ## - ADDED ENTRY ELEMENTS (KOHA)
Source of classification or shelving scheme Dewey Decimal Classification
Koha item type Books
Holdings
Lost status Source of classification or shelving scheme Damaged status Not for loan Collection code Permanent Location Current Location Shelving location Date acquired Source of acquisition Cost, normal purchase price Total Checkouts Full call number Date last seen Copy number Koha item type
  Dewey Decimal Classification     Non-fiction Central Library, University of Rajshahi Central Library, University of Rajshahi   26/10/1960 Mirza Book agency 36.40   336.7 DUG 1959 30/07/2016 C-2 Books
  Dewey Decimal Classification     Non-fiction Central Library, University of Rajshahi Central Library, University of Rajshahi   09/01/1962 Asia Foundation     336.7 DUG 1959 01/08/2016 C-3 Books